Score 0/17 Timer 02:00
2 Plays Today
Title Missing word % Correct
Saving ____ RyanPrivate
97.6%
____ Me if you CanCatch
97.4%
Raiders of the ____ ArkLost
96.3%
War of the ____Worlds
91.5%
ET: The Extra ____Terrestrial
87.1%
The Color ____Purple
86.5%
Indiana Jones and the ____ of DoomTemple
85.4%
A.I. ____ IntelligenceArtificial
83.1%
Close ____ of the Third KindEncounters
81.8%
Title Missing word % Correct
Indiana Jones and the Last ____Crusade
76.9%
Indiana Jones and the Kingdom of the ____ SkullCrystal
72.8%
____ ListSchindler's
72.2%
____ ReportMinority
68.9%
____ ParkJurassic
64.1%
____ Zone: The MovieTwilight
53.5%
Empire of the ____Sun
50.5%
The ____ ExpressSugarland
4.8%

Today's Daily Dose

Remove Ads.
Support Sporcle.
Get the best of Sporcle when you Go Orange. This ad-free experience offers more features, more stats, and more fun while also helping to support Sporcle. Thank you for becoming a member.

You're not logged in!

Compare scores with friends on all Sporcle quizzes.
OR
Log In

Show Comments

Extras

Top Quizzes Today


Score Distribution

Your Account Isn't Verified!

In order to create a playlist on Sporcle, you need to verify the email address you used during registration. Go to your Sporcle Settings to finish the process.

Report this User

Report this user for behavior that violates our Community Guidelines.

Details: